000 00509cam a2200193ua 4500
001 6445
005 20260515114042.0
008 131210n ii |||gr||||Z||||||eng
040 _cMAIN
082 _a519.5
245 _aPractical problems in statistics
_cBy D.N. Elhance
260 _aKitab mahal:
_bKitab mahal,
_c1984.
300 _aviii,624p.
653 _aCommerce
653 _aPractical problems in statistics
700 _aElhance,D.N.,
_eAuthor.,
700 1 _aElhance,Veena,
_eAuthor.
942 _cBK
999 _c5589
_d5589